1832 1806 1299 1605 1259 1423 1212 1248 1878 1237 1835 1421 1622 1703 1915 1230 1851 1429 1795 1781 1728 1409 1638 1079 1227 1192 1303 1824 1910 1327 1642 1571 1594 1643 1033 1442 1627 1702 1509 1779 1096 1800 1585 1324 1150 1319 1209 1284 1890 1191 1351 1685 1485 1242 1166 1731 1993 1663 1154 1073 1639 1097 1283 1652 1309 1096 1477 1638 1167 1957 1902 1598 1218 1472 1249 1679 1938 1737 1157 1394 1231 1126 1272 1671 1645 1775 1314 1441 1634 1906 1458 1771 1360 1617 1895 1984 1502 1835 1875 BCNSPRNW ULIB Ver.6.0+V

เปลี่ยนเป็นภาษาไทย

Change to English
 แสดงรายละเอียดบรรณานุกรม
  กลับหน้าหลัก

Brief Record : Get Marc (ISO 2709) : E-mail record : QR code < ปิดหน้าต่าง
LEADER : 00000nam 2200000uu 4500
001    13399109949
003     ULIB
008    110419s2552||||th 000 0 tha d
020    9789741111015
060 04 WT100^bป525 2552
245 00 ปัญหาสุขภาพที่พบบ่อยในผู้สูงอายุและการป้องกัน /^cประเสริฐอัสสันตชัย, บรรณาธิการ
250    พิมพ์ครั้งที่ 1
260    กรุงเทพฯ :^bภาควิชาเวชศาสตร์ป้องกันและสังคมคณะแพทยศาสตร์ศิริราชพยาบาล มหาวิทยาลัยมหิดล,^c2552
300    ก-ญ, 490 หน้า :^bภาพประกอบ ;^c30 ซม.
500    หนังสือได้รับรางวัลประเภทดี รางวัลตำราศิริราช-มหิดล ปี2552
650  7 ผู้สูงอายุ^xสุขภาพและอนามัย
650  7 ผู้สูงอายุ
650  7 รางวัลตำราศิริราช-มหิดล
653    ผลงานอาจารย์คณะแพทยศาสตร์ศิริราชพยาบาล
700 0  ประเสริฐ อัสสันตชัย,^eบรรณาธิการ
710 2  มหาวิทยาลัยมหิดล. ^bคณะแพทยศาสตร์ศิริราชพยาบาล.^bภาควิชาเวชศาสตร์ป้องกันและสังคม
945    ^p800^l0^i026178
945    ^p800^l0^i026177
945    ^p800^l0^i026176
995    เกษร
999 ^a ใช้งานได้ทุกระบบ
รายการนี้ยังไม่มีแท็ก
คุณยังไม่ได้ล็อกอิน คุณสามารถมีกิจกรรมร่วมกับเว็บไซต์ได้ แต่ต้องล็อกอินก่อน ::
  ล็อกอิน

รายการสื่อสารสนเทศ

ลำดับที่ ประเภท เลขเรียก/บาร์โค้ด สถานที่ สถานะ
- ไม่พบข้อมูล -

รายการใกล้เคียง
    หัวเรื่อง [ผู้สูงอายุ]
    หัวเรื่อง [รางวัลตำราศิริราช-มหิดล]

BibComment


ยังไม่เคยถูกคอมเมนท์

คอมเมนท์ทรัพยากรรายการนี้
  คอมเมนท์: ปัญหาสุขภาพที่พบบ..


 Copyright 2026. Bcnsprnw @Library